000 01228cab a22001935a 4500
001 L155135
008 120306s2012 xxk 000 0 eng d
035 _a(Sirsi) u155135
041 0 _aeng
100 1 _aFrei, Marcel
245 0 0 _aImplications of the global financial crisis for the quantity surveying profession
260 _c2012
490 _aProject Control Professional
_v50(2) March 2012, 18-23(6)
520 _aPaper discusses the global financial crisis and its effect in the international construction market, Australia's response to the global financial crisis and the effect on the Australian construction industry; implications for the quantity surveying profession cover internationalisation, human resources, dispute resolution services, sustainability, construction business recovery, emphasis on cost bottom line. Key lessons and considerations for the quantity surveying profession are rethink internationalisation, industry and sector specialisations, service diversification, drive for innovation, focus on value rather than cost, international standards of best practice, and investment in human capital.
590 _aKA
651 4 _aAustralia
690 _aQuantity surveying
_96263
942 _n0
999 _c83823
_d83823